<?xml version="1.0" encoding="UTF-8"?>
<record
    xmlns:xsi="http://www.w3.org/2001/XMLSchema-instance"
    xsi:schemaLocation="http://www.loc.gov/MARC21/slim http://www.loc.gov/standards/marcxml/schema/MARC21slim.xsd"
    xmlns="http://www.loc.gov/MARC21/slim">

  <leader>01193nam a22002657a 4500</leader>
  <controlfield tag="001">000385</controlfield>
  <controlfield tag="003">DO-SdBNP</controlfield>
  <controlfield tag="005">20231123115157.0</controlfield>
  <controlfield tag="007">000385</controlfield>
  <controlfield tag="008">160713b2001 nyu   |00| 0 eng d</controlfield>
  <datafield tag="020" ind1=" " ind2=" ">
    <subfield code="a">0618162216</subfield>
  </datafield>
  <datafield tag="040" ind1=" " ind2=" ">
    <subfield code="a">BPMSU</subfield>
    <subfield code="b">spa</subfield>
    <subfield code="c">BPMSU</subfield>
  </datafield>
  <datafield tag="082" ind1=" " ind2="4">
    <subfield code="a">823.91</subfield>
    <subfield code="b">T917h 2001</subfield>
    <subfield code="2">22</subfield>
  </datafield>
  <datafield tag="100" ind1="1" ind2=" ">
    <subfield code="a">Tolkien, J. R. R., </subfield>
    <subfield code="d">1892-1973.</subfield>
  </datafield>
  <datafield tag="245" ind1="1" ind2="0">
    <subfield code="a">The hobbit, or, There and back again /</subfield>
    <subfield code="c">by J.R.R. Tolkien.</subfield>
  </datafield>
  <datafield tag="260" ind1=" " ind2=" ">
    <subfield code="a">Boston : </subfield>
    <subfield code="b">Houghton Mifflin, </subfield>
    <subfield code="c">2001.</subfield>
  </datafield>
  <datafield tag="300" ind1=" " ind2=" ">
    <subfield code="a">330 p. :</subfield>
    <subfield code="c">21 cm.</subfield>
    <subfield code="b"> </subfield>
  </datafield>
  <datafield tag="505" ind1=" " ind2=" ">
    <subfield code="t">An Unexpected Party --</subfield>
    <subfield code="t">Roast Mutton --</subfield>
    <subfield code="t">A Short Rest --</subfield>
    <subfield code="t">Over Hill and Under Hill --</subfield>
    <subfield code="t">Riddles in the Dark --</subfield>
    <subfield code="t">Out of the Frying-Pan into the Fire --</subfield>
    <subfield code="t">Queer Lodgings --</subfield>
    <subfield code="t">Flies and Spiders --</subfield>
    <subfield code="t">Barrels Out of Bond --</subfield>
    <subfield code="t">A Warm Welcome --</subfield>
    <subfield code="t">On the Doorstep --</subfield>
    <subfield code="t">Inside Information --</subfield>
    <subfield code="t">Not at Home --</subfield>
    <subfield code="t">Fire and Water --</subfield>
    <subfield code="t">The Gathering of the Clouds --</subfield>
    <subfield code="t">A Thief in the Night --</subfield>
    <subfield code="t">The Clouds Burst --</subfield>
    <subfield code="t">The Return Journey --</subfield>
    <subfield code="t">The Last Stage.</subfield>
  </datafield>
  <datafield tag="534" ind1=" " ind2=" ">
    <subfield code="a">T&#xED;tulo original : </subfield>
    <subfield code="t">There and back again</subfield>
  </datafield>
  <datafield tag="590" ind1=" " ind2=" ">
    <subfield code="a">Inventariado, 2023/VM</subfield>
  </datafield>
  <datafield tag="650" ind1=" " ind2="4">
    <subfield code="a">Cuentos juveniles ingleses </subfield>
  </datafield>
  <datafield tag="650" ind1=" " ind2="4">
    <subfield code="a">Moscas </subfield>
    <subfield code="v">Cuentos</subfield>
  </datafield>
  <datafield tag="910" ind1=" " ind2=" ">
    <subfield code="a">VMateo V. Control de calidad. BPMSU</subfield>
  </datafield>
  <datafield tag="942" ind1=" " ind2=" ">
    <subfield code="2">ddc</subfield>
    <subfield code="c">BK</subfield>
  </datafield>
  <datafield tag="952" ind1=" " ind2=" ">
    <subfield code="0">0</subfield>
    <subfield code="1">0</subfield>
    <subfield code="2">ddc</subfield>
    <subfield code="4">0</subfield>
    <subfield code="7">0</subfield>
    <subfield code="8">CJ-G</subfield>
    <subfield code="a">BPMET</subfield>
    <subfield code="b">BPMET</subfield>
    <subfield code="d">2016-07-13</subfield>
    <subfield code="e">FUNDI</subfield>
    <subfield code="l">0</subfield>
    <subfield code="o">BPMSU CGJ 823.91 T917h 2001</subfield>
    <subfield code="p">BPMSU16070440</subfield>
    <subfield code="r">2016-07-13</subfield>
    <subfield code="w">2016-07-13</subfield>
    <subfield code="y">BK</subfield>
  </datafield>
  <datafield tag="999" ind1=" " ind2=" ">
    <subfield code="c">10857</subfield>
    <subfield code="d">10857</subfield>
  </datafield>
</record>
